01161nas a2200313 4500001001300000003000900013005001700022007000300039008003400042040005400076041000900130072000800139100001800147100001900165100001700184100001600201100001800217245010400235650001200339650002200351650003500373650001900408773011300427856007600540909004000616942001800656999001900674952015400693BR2023000172BR-BrBNA20231205132330.0ta230509b bl.|||p| |||| 00| 00por d aBR-BrBNAbporcBiblioteca Nacional de Agricultura a(Pt) aP331 aMontanari, R.1 aLima, E. de S.1 aLovera, L.H.1 aFerrari, S.1 aQueiroz, H.A.1 aCorrelação dos componentes vegetativos da cultura da pupunha e dos atributos químicos do solo aPUPUNHA aANÁLISE DO SOLO aPROPRIEDADE FÍSICO-QUÍMICA aMANEJO DO SOLO0 tRevista de Agricultura Neotropical (Brazil)xISSN 2358-6303 g(Apr-Jun 2016), v. 3(2) p. 25-33wBR202300017240uhttps://periodicosonline.uems.br/index.php/agrineo/article/view/857/987 a202311bLúciac55dLúcia Elande 2AGRISn0cANA c259750d259750 002AGRIS4071a41918b41918cPeriódicos Agrícolash(Apr-Jun 2016), v. 3(2) p. 25-33l0r2023-11-29t01yCRePortaria Interministerial nº 164/94